000 01036nam a2200229Ia 4500
999 _c38466
_d38466
001 4478
003 GE_BSU
005 20190520155220.0
008 181216s1982||||ge |||||||||||||| ||geo||
040 _cGE_BSU
041 _ageo
080 _a51:53(075.8) დ–63
100 _aდობორჯგინიძე, ლ
_91418
245 _aმათემატიკური ფიზიკის განტოლებათა ძირითადი საკითხები /
_cლ.დობორჯგინიძე ; ს.შათაშვილი ; რედ : ა.ბუაძე.
264 _aთბილისი :
_bუნ–ტის გამ–ბა,
_c1982.
300 _a14 2გვ .:
_c20 სმ
653 _aმათემატიკური ფიზიკის განტოლებები.
653 _aმათემატიკა
700 _aშათაშვილი, ს.
_91419
700 _aბუაძე, ა
_eრედაქტორი
_91420
942 _cBK
_2udc